00841nam a22002417a 4500003001100000005001700011008004100028020001900069040003900088041000800127082001800135100002300153245006900176260005400245300002700299650003800326650005400364650003400418650003200452942000700484952009300491999001500584LK-CoMWRAF20240120001557.0240120b2009 |||||||| |||| 00| 0 eng d a 9789551772567 aLK-CoMWRAFdLK-CoMWRAFeLK-CoMWRAF aeng a363.3494bUYA aUyangoda, Jayadeva aTsunami and the politics of humanitarian emergency in Sri Lanka  aColombo: bSocial Scientists' Association, c2009 av, 21 p. : maps; 22cm. aIndian Ocean Tsunami- Sri Lanka  aDisaster relief -- Political aspects -- Sri Lanka aDisaster victims -- Sri Lanka aTsunami damage -- Sri Lanka cBK 00104070aMAINbMAINd2024-01-20l0o363.3494 UYApRAF4784r2024-01-20w2024-01-20yBK c4656d4656